1704 1076 1406 1972 1734 1115 1793 1388 1388 1509 1537 1866 1377 1376 1698 1514 1886 1669 1404 1291 1466 1926 1243 1108 1740 1191 1354 1846 1835 1362 1539 1935 1467 1716 1243 1008 1414 1968 1248 1288 1693 1264 1535 1779 1331 1903 1017 1294 1441 1355 1017 1393 1298 1088 1436 1534 1857 1176 1909 1761 1095 1109 1501 1597 1413 1626 1316 1863 1380 1159 1328 1945 1492 1576 1074 1640 1001 1283 1152 1444 1833 1997 1090 1762 1810 1285 1615 1323 1350 1507 1236 1596 1895 1740 1759 1613 1255 1739 1468 BCNSPRNW ULIB Ver.6.0+V

เปลี่ยนเป็นภาษาไทย

Change to English
 แสดงรายละเอียดบรรณานุกรม
  กลับหน้าหลัก

Brief Record : Get Marc (ISO 2709) : E-mail record : QR code < ปิดหน้าต่าง
LEADER : 00000nam 2200000uu 4500
001    13399128570
003     ULIB
008    020711s2565 th a 000 0 tha d
020    ^a9786165944908
060    ^aWB105^bก171ก
100    ^aกรกฎ อภิรัตน์วรากุล
245    ^aการแพทย์ฉุกเฉิน พลวัตแห่งการพัฒนาอย่างยั่งยืน
250    ^aพิมพ์ครั้งที่ 1
260    ^aขอนแก่น :^bสาขาวิชาเวชศาสตร์ฉุกเฉิน คณะแพทยศาสตร์ มหาวิทยาลัยขอนแก่น,^c2565
300    ^a268 หน้า;^c26 ซม.
650    ^aเวชศาสตร์ฉุกเฉิน
650    ^aภาวะฉุกเฉินทางการแพทย์
650    ^aการติดเชื้อไวรัสโคโรนา
650    ^aโควิด-19
945    ^p890^l0^i010316
945    ^p890^l0^i010317
945    ^p890^l0^i010757
945    ^p890^l0^i010758
945    ^p890^l0^i010759
999    ^aประนอม เกษจรัล
รายการนี้ยังไม่มีแท็ก
คุณยังไม่ได้ล็อกอิน คุณสามารถมีกิจกรรมร่วมกับเว็บไซต์ได้ แต่ต้องล็อกอินก่อน ::
  ล็อกอิน

รายการสื่อสารสนเทศ

ลำดับที่ ประเภท เลขเรียก/บาร์โค้ด สถานที่ สถานะ
1. วิทยาศาสตร์การแพทย์ และสุขภาพ
หนังสือสำรอง
สถานะ=หนังสือสำรอง
WB105 ก171ก ฉ.1 
  Barcode: 010316
ห้องสมุดวิทยาเขตสวรรค์ประชารักษ์
►หนังสือทั่วไป
บนชั้น
2. วิทยาศาสตร์การแพทย์ และสุขภาพ
วิทยาศาสตร์การแพทย์ และสุขภาพ
WB105 ก171ก ฉ.2 
  Barcode: 010317
ห้องสมุดวิทยาเขตสวรรค์ประชารักษ์
►หนังสือทั่วไป
บนชั้น
3. วิทยาศาสตร์การแพทย์ และสุขภาพ
วิทยาศาสตร์การแพทย์ และสุขภาพ
WB105 ก171ก ฉ.3 
  Barcode: 010757
ห้องสมุดวิทยาเขตสวรรค์ประชารักษ์
►หนังสือทั่วไป
บนชั้น
4. วิทยาศาสตร์การแพทย์ และสุขภาพ
วิทยาศาสตร์การแพทย์ และสุขภาพ
WB105 ก171ก ฉ.4 
  Barcode: 010758
ห้องสมุดวิทยาเขตสวรรค์ประชารักษ์
►หนังสือทั่วไป
บนชั้น
5. วิทยาศาสตร์การแพทย์ และสุขภาพ
วิทยาศาสตร์การแพทย์ และสุขภาพ
WB105 ก171ก ฉ.5 
  Barcode: 010759
ห้องสมุดวิทยาเขตสวรรค์ประชารักษ์
►หนังสือทั่วไป
บนชั้น

รายการใกล้เคียง
    ชื่อเรื่อง [การแพทย์ฉุกเฉิน พลวัตแห่งการพัฒนาอย่างยั่งยืน]

    ผู้แต่ง [กรกฎ อภิรัตน์วรากุล]

    หัวเรื่อง [เวชศาสตร์ฉุกเฉิน]
    หัวเรื่อง [ภาวะฉุกเฉินทางการแพทย์]
    หัวเรื่อง [การติดเชื้อไวรัสโคโรนา]
    หัวเรื่อง [โควิด-19]

BibComment


ยังไม่เคยถูกคอมเมนท์

คอมเมนท์ทรัพยากรรายการนี้
  คอมเมนท์: การแพทย์ฉุกเฉิน ..


 Copyright 2026. Bcnsprnw @Library